Science Quiz

Random Science or Chemistry Quiz

Chemistry Reaction Reagants Quiz Stats

Quiz not verified by Sporcle

Also try: Elements With 'TH'
Challenge
Share
Tweet
Embed
Score 0/30 Timer 10:00
0 Plays Today
Reaction Reagents % Correct
Hydrogenation (alkenes-> alkanes)Hydrogen
69.4%
Steam cracking (alkanes->alkenes)water
61.2%
Esterification (carboxylic acid-> ester)alcohol
18.4%
Cat cracking (alkanes->alkenes)none
16.3%
Esterification (alcohol -> ester)carboxylic acid
16.3%
Hydration of ethene (industry)steam
14.3%
Esterification (acyl chloride -> ester)alcohol
14.3%
Polymerisation (alkenes)none
12.2%
Reduction (-> alcohol)NaBH4
10.2%
Hydrolysis (acid anhydride -> ester)water
10.2%
Dehydration / elimination of alcoholnone
8.2%
Ester Hydrolysis acidH2SO4
8.2%
Nuc sub (acyl chloride -> amide)amine
8.2%
Hydrolysis (acyl chloride -> carboxylic acid)water
8.2%
Hydration of ethene (lab)c.H2SO4, H2O
6.1%
Reaction Reagents % Correct
Ester Hydrolysis alkaliNaOH, HCl
6.1%
Halogenation (alkane -> halogenoalkane) 1Cl2
6.1%
Nucleophillic addition to ketoneNaOH, HCN
6.1%
Halogenation (alkene -> halogenoalkane) 1BR2
6.1%
Halogenation (radical substitution) 2Br2
6.1%
Condensation Polymerisation (amine) 1dicarboxylic acid
6.1%
Condensation Polymerisation (amine) 2diacyl chloride
6.1%
Oxidation (alcohol->aldehyde)acidified K2Cr2O7 (vi), c.H2SO4
4.1%
Oxidation (alcohol -> carboxylic acid)acidified K2Cr2O7 (vi), c.H2SO4
4.1%
Oxidation (alcohol -> ketone)acidified K2Cr2O7 (vi), c.H2SO4
4.1%
Halogenation (e+ addition) 2c.HBr
4.1%
Nuc sub (halogenoalkane -> amine)c. NH3
4.1%
Nuc sub (amine -> amide)acly chloride
4.1%
Nuc sub (alcohol -> halogenoalkane)HBr (made in situ from NaBr and c.H2SO4)
4.1%
Hydrolysis (amine -> carboxylic acid) water
4.1%

You're not logged in!

Compare scores with friends on all Sporcle quizzes.
Join for Free
OR
Log In

You Might Also Like...

Show Comments

Extras

Top Quizzes Today


Score Distribution

Your Account Isn't Verified!

In order to create a playlist on Sporcle, you need to verify the email address you used during registration. Go to your Sporcle Settings to finish the process.

Report this User

Report this user for behavior that violates our Community Guidelines.

Details: